| 000 | 00000nam##2200000za#4500 |
| 001 | 9.557718 |
| 003 | CaOODSP |
| 005 | 20210624172028 |
| 007 | cr ||||||||||| |
| 008 | 150406|1993||||xxc|||||o f|0| 0 eng|d |
| 040 | |aCaOODSP|beng |
| 043 | |an-cn--- |
| 086 | 1 |aNH18-22/90-240E-IN |
| 110 | 2 |aCanada Mortgage and Housing Corporation. |
| 245 | 10|aWet-sprayed cellulose insulation in wood-frame construction |h[electronic resource] |
| 260 | |aOttawa - Ontario : |bCanada Mortgage and Housing Corporation |
| 300 | |a3p. (188 KB) |
| 490 | 1 |aResearch and development highlights; technical series |v90-240 |
| 590 | |a01-12|b2001-03-23 |
| 690 | 07|aConstruction materials|2gcpds |
| 690 | 07|aHousing|2gcpds |
| 690 | 07|aInsulation|2gcpds |
| 775 | 08|tIsolant cellulosique pulvérisé sous forme mouillée dans les constructions à charpente de bois / |w(CaOODSP)9.607611 |
| 830 | #0|aResearch and development highlights; technical series ;|v90-240|w(CaOODSP)9.504481 |
| 856 | 40|ahttp://publications.gc.ca|qPDF|s188 KB|uhttps://publications.gc.ca/collections/Collection/NH18-22-90-240E.pdf|y90-240 |